000 00474cam a22001457a 4500
008 180718b2004 xxu||||| |||| 00| 0 eng d
100 _aMurphy, Pablo Lopez
245 _aPension funds and national saving
_cby Pablo Lopez Murphy and Alberto R. Musalem
260 _aWashington, D.C.
_bWorld Bank
_c2004
300 _a46p.
440 _aPolicy research working paper; no. 3410
650 _aSaving and investment
650 _aPension trusts
700 _aMusalem, Alberto R.
999 _c291677
_d291677